| 000 | 00746nam a2200229Ia 4500 | ||
|---|---|---|---|
| 003 | GCL | ||
| 008 | 140319s9999 xx 000 0 ara d | ||
| 040 |
_aGCL / _cGCL |
||
| 082 | 0 | 4 |
_a811.1 _bس د |
| 100 | 1 | _aالشنفرى، عمرو بن مالك | |
| 245 | 1 | 0 |
_aديوان الصعاليك / _cالشنفرى، عمرو بن مالك |
| 700 | 1 | _aعروة بن الورد | |
| 700 | 1 | _aتابط شرا، ابو زهيرى ثابت | |
| 700 | 1 | _aالسليك بن السلكة, السليك بن عم | |
| 260 |
_a[S.N] : _bدار الجيل ، _c1992 |
||
| 300 | _a200 ص | ||
| 490 | _a | ||
| 650 | 0 | 4 | _aالشعر العربى |
| 650 | 0 | 4 | _aالادب العربى |
| 650 | 0 | 4 | _aالقصائد والدواوين |
| 942 |
_2ddc _cBK |
||
| 999 |
_c53945 _d53945 |
||